00333nam a2200109Ia 4500008004100000082000800041100001800049245004000067942000600107952009500113999001500208240331s9999 xx 000 0 und d bFAR aFarrington, K 2aA history of punishment and torture cL 001040708LaWERCLbWERCLcSSCd2024-03-31l0o 365 FARp4264r2024-03-31w2024-03-31yL c3110d3110